
Library Catalogue

| 000 -LEADER | |
|---|---|
| fixed length control field | 01197nam a2200217Ia 4500 |
| 003 - CONTROL NUMBER IDENTIFIER | |
| control field | OSt |
| 005 - DATE AND TIME OF LATEST TRANSACTION | |
| control field | 20210205122817.0 |
| 008 - FIXED-LENGTH DATA ELEMENTS--GENERAL INFORMATION | |
| fixed length control field | 160316s1994 xxu||||| |||| 00| 0 eng d |
| 020 ## - INTERNATIONAL STANDARD BOOK NUMBER | |
| International Standard Book Number | 9780521349949 |
| 040 ## - CATALOGING SOURCE | |
| Transcribing agency | . |
| 082 ## - DEWEY DECIMAL CLASSIFICATION NUMBER | |
| Classification number | 320 |
| Item number | MAR |
| 100 ## - MAIN ENTRY--PERSONAL NAME | |
| Personal name | Marx |
| 245 ## - TITLE STATEMENT | |
| Title | Early political writings |
| 260 ## - PUBLICATION, DISTRIBUTION, ETC. | |
| Place of publication, distribution, etc. | Cambridge |
| Name of publisher, distributor, etc. | Cambridge University Press |
| Date of publication, distribution, etc. | 1994 |
| 300 ## - PHYSICAL DESCRIPTION | |
| Extent | 194p |
| Dimensions | xxxiii |
| 365 ## - TRADE PRICE | |
| Price amount | Rs. 350 |
| 505 ## - FORMATTED CONTENTS NOTE | |
| Formatted contents note | Contents:<br/>Acknowledgements; <br/>Editor's Introduction;<br/>Chronology of Marx's Life and Career;<br/>Bibliography;<br/>Editor's and Translator's Note;<br/><br/>From the Critique of Hegel's Philosophy of Right (§§261–313) <br/>‘On the Jewish Question’<br/>‘A Contribution to the Critique of Hegel's Philosophy of Right: Introduction’;<br/>From the Paris Notebooks;<br/>‘Critical Marginal Notes on “The King of Prussia and Social Reform. By a Prussian”<br/>Points on the State and Bourgeois Society;<br/>‘On Feuerbach’<br/>From ‘The German Ideology’: Chapter One, ‘Feuerbach’<br/>From Poverty of Philosophy;<br/>Address on Poland;<br/>Index;<br/>Cambridge Texts in the History of Political Thought.<br/><br/><br/> |
| 650 ## - SUBJECT ADDED ENTRY--TOPICAL TERM | |
| Topical term or geographic name entry element | 1. Political Science2. Sociology |
| 700 ## - ADDED ENTRY--PERSONAL NAME | |
| Personal name | |
| -- | |
| 942 ## - ADDED ENTRY ELEMENTS (KOHA) | |
| Source of classification or shelving scheme | Dewey Decimal Classification |
| Koha item type | BOOKs |
| Withdrawn status | Lost status | Damaged status | Not for loan | Home library | Current library | Shelving location | Date acquired | Cost, normal purchase price | Total Checkouts | Full call number | Barcode | Date last seen | Price effective from | Koha item type |
|---|---|---|---|---|---|---|---|---|---|---|---|---|---|---|
| . | . | 30.05.2017 | 350.00 | 320 MAR | 22087 | 30.05.2017 | 30.05.2017 | BOOKs |